Największe miasto z polski na daną literę - Statystyki

Ogólne statystyki
  • Ten quiz został rozwiązany 77 razy
  • Średni wynik to 17 z 26
Statystyki odpowiedzi
Hint Odpowiedź % Poprawnych
w Warszawa
93%
k Kraków
91%
g Gdańsk
89%
p Poznań
89%
ł Łódź
88%
b Bydgoszcz
84%
s Szczecin
84%
l Lublin
82%
c Częstochowa
81%
e Elbląg
79%
o Olsztyn
77%
t Toruń
75%
a Augustów
68%
i Inowrocław
67%
r Radom
63%
z Zabrze
63%
d Dąbrowa Górnicza
60%
ż Żory
56%
j Jelenia góra
54%
ć Ćmielów
49%
n Nowy Sącz
47%
h Hrubieszów
44%
m Mielec
30%
u Ustroń
26%
f {w praktyce to miasto jest samodzielne} Fordon
7%
ś Świnioujście
4%
Nie znaleziono quizów pasujących do podanych kryteriów
Rozkład punktacji
Procent ludzi z każdym wynikiem
Percentyl według liczby udzielonych odpowiedzi
Twoja historia wyników
Nie rozwiązałeś tego quizu